[Event "RUS Cup final 6th"]
[Site "Nefteyugansk"]
[Date "2002.10.13"]
[Round "10"]
[White "Burmakin, Vladimir"]
[Black "Kazakov, Peter"]
[Result "1-0"]
[WhiteElo "2581"]
[BlackElo "2424"]
[Annotator "Finkel,A"]
[PlyCount "105"]
[EventDate "2002.10.06"]
[EventType "tourn"]
[EventRounds "11"]
[EventCountry "RUS"]
[EventCategory "11"]
[SourceTitle "CBM 092"]
[Source "ChessBase"]
[SourceDate "2003.02.06"]
[SourceVersion "1"]
[SourceVersionDate "2003.02.06"]
[SourceQuality "1"]

1. d4 d5 2. c4 e6 3. Nf3 c6 4. Qc2 f5 5. Bf4 Nf6 6. e3 Be7 7. Nc3 O-O 8. h3 Ne4
9. Be2 {Usually white prefers to develop a bishop to d3, but there is no big
difference.} (9. Bd3 Qa5 (9... b6 10. Ne5 Bb7 11. O-O Nd7 12. f3 Nef6 13. cxd5
cxd5 14. g4 g6 15. Qg2 Nxe5 16. Bxe5 Ne8 17. f4 $14 {Koniushkov,I-Lundin,A/
Moscow 1998}) 10. Nd2 Na6 11. Nb3 Qd8 12. a3 Bf6 13. O-O Nd6 14. cxd5 exd5 15.
Bxa6 bxa6 16. Na5 $16 {Oms Pallise,J-Jose Queralto,D/La Pobla de Lillet 1997})
(9. g4 Nd7 (9... Bb4 10. Rc1 g5 11. Bxb8 Rxb8 12. Bd3 Qf6 13. Ne5 Nxc3 14. bxc3
Bd6 $13 {Ivanchuk,V-Wessman,R/Arnhem 1987}) (9... Bd6 10. Ne5 Nd7 11. gxf5 exf5
12. cxd5 cxd5 13. Nd3 Ndf6 14. f3 Bxf4 15. Nxf4 Nxc3 16. bxc3 $14 {Barsov,
A-Guliev,S/Orel 1992}) 10. gxf5 exf5 11. cxd5 cxd5 12. Nxd5 Qa5+ 13. Nd2 Bh4
14. b4 Qa3 $4 15. Nb1 {1-0 Sammalvuo,T-Einarsson,E/Hafnarfjordur 1998/EXT 2000
(15)}) 9... Bd7 $6 {Very strange move, mainly because it's a square for the
knight and not for the bishop.} (9... Nd7 10. g4 Qa5 11. Kf1 $6 Ndf6 12. g5 Nh5
13. Be5 Bd7 14. h4 Be8 15. Nd2 f4 $132 {[%cal Gf8f1] Groenn,A-Lauvsnes,A/NOR
1991}) 10. g4 Be8 $6 (10... Qa5 11. gxf5 exf5 12. Qb3 Bb4 13. Rc1 Be6 14. Ne5
Nd7 15. Nxd7 Bxd7 16. a3 $14) 11. gxf5 exf5 12. cxd5 Nxc3 $6 {Suspecting from
N:d5, however after} (12... cxd5 $1 {white can't take on d5} 13. Rg1 (13. Nxd5
Qxd5 14. Bc4 Bb4+ 15. Kd1 (15. Ke2 $2 Bb5 $19) 15... Nxf2+ 16. Kc1 Qxc4 17.
Qxc4+ Bf7 18. Qc7 Nxh1 19. Qxb7 Nc6 $17) 13... Qa5) 13. bxc3 cxd5 14. Rb1 Bc6
15. Bd3 Qd7 (15... g6 16. h4 Nd7 17. h5) 16. Rg1 $14 {White has very clear
plan to put a pressure over the g-file while it's not that clear what black
should do against it.} Qe6 17. Be5 g6 18. Ng5 Bxg5 19. Rxg5 Nd7 20. Bf4 Kf7 (
20... Kh8) 21. Kd2 h6 $6 {[%csl Rh6]} (21... Nf6 22. Rbg1 Ne4+ 23. Bxe4 fxe4
24. h4 Rg8 25. Qb3 $14) 22. Rg2 Nb6 $6 {There was no reason to give up a pawn
on h6.} (22... Rh8 23. Rbg1 Rag8 24. h4 Nf6 25. f3 b6 $14) 23. Rbg1 Rg8 24.
Bxh6 $16 Nc4+ 25. Bxc4 dxc4 26. Rg3 Be4 27. Qb2 Qa6 28. f3 Bd3 29. a4 $5 Rad8
30. Bf4 Qxa4 (30... Rd5 $5 31. h4 Ra5 32. Ra1 b5 33. axb5 Rxb5 34. Rxa6 Rxb2+
35. Ke1 $16) 31. Ra1 Qc6 32. Rxa7 Rd7 33. h4 $1 Rh8 34. Rh3 Bf1 35. Rg3 Rxh4 $6
{Too optimistic. Now black is helpless against white threats.} (35... Bd3 $5)
36. Qb4 {[%csl Rf7][%cal Ga7a8]} Rh8 37. Ke1 Bd3 38. Kf2 {[%cal Gf4e5,Gg3h3,
Ga7a8]} Rh1 (38... b5 39. Qc5 $1 Qxc5 40. Rxd7+ Ke6 41. dxc5 Kxd7 42. Rxg6 $18)
39. Ra8 $1 $18 Re7 40. Bg5 Re8 41. Rxe8 Qxe8 42. Qxb7+ Kg8 43. Bf6 $18 Rh2+ 44.
Kg1 Rh7 45. Qd5+ Kf8 (45... Qf7 46. Rxg6+ $18) 46. Be5 f4 47. Bxf4 Rh5 48. Bd6+
Kg7 49. Be5+ Kh6 50. e4 Qf8 51. Qe6 Rg5 52. Rxg5 Kxg5 53. Qg4+ 1-0

[Event "EU-Cup 18th"]
[Site "Kallithea"]
[Date "2002.09.25"]
[Round "4.4"]
[White "Soffer, Ram"]
[Black "Malakhov, Vladimir"]
[Result "0-1"]
[WhiteElo "2492"]
[BlackElo "2668"]
[Annotator "Finkel,A"]
[PlyCount "72"]
[EventDate "2002.09.22"]
[EventType "team-swiss"]
[EventRounds "7"]
[EventCountry "GRE"]
[SourceTitle "CBM 092"]
[Source "ChessBase"]
[SourceDate "2003.02.06"]
[SourceVersion "1"]
[SourceVersionDate "2003.02.06"]
[SourceQuality "1"]
[WhiteTeam "Saba Hapoel"]
[BlackTeam "Norilsk Nikel"]
[WhiteTeamCountry "ISR"]
[BlackTeamCountry "RUS"]

1. d4 d5 2. c4 e6 3. Nf3 c6 4. e3 f5 $5 {Transposing to "stonewall" set-up
since after 4.e3 white can't opt for g3, which is considered quite unpleasent
variation for black.} 5. Ne5 Nf6 6. f4 (6. cxd5 cxd5 7. Bb5+ Nbd7 8. g4 fxg4 9.
Nxg4 Bd6 10. f4 O-O 11. Nf2 Nb6 12. Nd2 Bd7 13. Bd3 Be8 $13 {Tomaszewski,
R-Matlak,M/POL-ch 1987}) (6. g4 Nbd7 7. gxf5 exf5 8. Nxd7 Bxd7 9. Nc3 Be6 10.
Qb3 Qb6 11. cxd5 Qxb3 12. axb3 Bxd5 13. Nxd5 cxd5 $13 {Polugaevsky,L-Bagirov,V/
Sverdlovsk 1957}) 6... Be7 (6... Bd6 7. Bd3 O-O 8. O-O Qe7 (8... b6 9. b3 Bb7
10. cxd5 Nxd5 11. e4 Bxe5 12. dxe5 Nb4 13. Bc4 Qxd1 14. Rxd1 Nc2 15. exf5 Nxa1
16. fxe6 $44 {Gretarsson,H-Malakhov,V/Cappelle la Grande 1999}) 9. Nc3 Ne4 10.
Bd2 Nd7 11. cxd5 exd5 $15 {Netolitzky,G-Soppe,G/Internet ICC 2000}) 7. Be2 O-O
8. O-O (8. Nc3 Nbd7 9. O-O Nxe5 10. fxe5 Ne8 11. Rb1 g5 12. b4 a6 13. a4 Ng7
14. c5 Bd7 $13 {Bezman,V-Guliev,S/Moscow 1995}) 8... b6 {Black doesn't face
any problems also after 8...Nbd7} (8... Nbd7 9. Nf3 Ne4 10. Nc3 Ndf6 11. Qc2
Bd7 12. Rb1 Rc8 13. Ne5 Be8 14. c5 g5 15. fxg5 Nxg5 16. Bd2 Bh5 17. Be1 Bxe2
18. Qxe2 Nfe4 $15 {Savchenko,S-Koutsin,S/Kiev 1995}) 9. Nd2 Bb7 10. Ndf3 Ne4
11. Qc2 Nd7 (11... c5 $5) 12. Nxd7 Qxd7 13. b3 Bf6 14. Bb2 g5 $5 15. fxg5 (15.
Ne5 Qg7 16. Bf3 Bxe5 17. fxe5 Rac8 $132) 15... Nxg5 16. Nxg5 Bxg5 17. Rf3 Rf7
18. Raf1 Rg7 19. Bd3 Kh8 (19... Rg6 $5) 20. e4 $6 {Very spectacular move,
however not very good one! Opening diagonal a8-h1 and weakening d4 proves to
be problematic for white.} dxe4 21. Bxe4 Bf6 $1 {[%csl Rd4]} (21... fxe4 $2 22.
Rf8+ Rxf8 23. Rxf8+ Rg8 24. d5+ $18) 22. Qf2 Rag8 23. g3 Rg4 24. Re1 (24. Rxf5
$2 exf5 25. Bxf5 Qxd4 $1 26. Bxd4 Bxd4 27. Bxg4 Bxf2+ 28. Rxf2 Rxg4 $19) 24...
Bg7 25. h3 $6 {Losing on the spot, but there was no way back.} (25. Bc2 c5 $1 (
25... Rxd4 $6 26. Rxe6 Rd2 27. Bxg7+ Rxg7 28. Re2 $14) 26. Rfe3 f4 $17 {
[%cal Gg4g1]}) 25... fxe4 26. Rf7 Rxg3+ $1 $19 27. Kh2 e3 28. Rxe3 Qxf7 $1 29.
Qxf7 Rxe3 30. Qf2 (30. Qxb7 Re2+ $19) 30... Re4 31. d5 exd5 32. cxd5 (32. Bxg7+
Kxg7 33. Qg3+ Kh8 34. Qc7 Re2+ 35. Kh1 Rf8 36. Kg1 Bc8 $19) 32... cxd5 33.
Bxg7+ Kxg7 34. Qg3+ Kf7 35. Qc7+ Re7 36. Qf4+ Ke6 0-1

[Event "RUS-ch sf 58th"]
[Site "Kazan"]
[Date "2005.09.08"]
[Round "6"]
[White "Volkov, Sergey"]
[Black "Kobalia, Mihail"]
[Result "1-0"]
[WhiteElo "2622"]
[BlackElo "2614"]
[Annotator "Finkel,A"]
[PlyCount "71"]
[EventDate "2005.09.03"]
[EventType "swiss"]
[EventRounds "9"]
[EventCountry "RUS"]
[SourceTitle "CBM 109"]
[Source "ChessBase"]
[SourceDate "2005.11.14"]
[SourceVersion "1"]
[SourceVersionDate "2005.11.14"]
[SourceQuality "1"]

1. d4 d5 2. c4 c6 3. Nf3 e6 4. e3 f5 5. g4 {Quite agressive approach to the
opening. This odd looking move is actually quite logical since white can make
a good use of semi-open g-file in the future. On the other hand it has obvious
drawbacks since white king has to stay in the center for quite a while.} fxg4 (
5... Nf6) 6. Ne5 Nf6 7. Nxg4 (7. h3 g3 8. f4 c5 $13) 7... Be7 (7... Nbd7 8. Bd3
(8. Nc3 Be7 9. Rg1 O-O 10. Bd2 Nxg4 11. Qxg4 Rf7 12. O-O-O $6 e5 13. Qg2 exd4
14. exd4 Nf6 $15 {Kret,T-Ristovic,N/Richmond 2002}) 8... Bd6 9. Nd2 e5 10. cxd5
cxd5 11. dxe5 Nxe5 12. Nxe5 Bxe5 13. Nf3 Bd6 14. Bd2 O-O 15. Qb3 Bg4 16. Nd4
Rc8 17. h3 Bd7 $13 {Pushkarev,D-Geller,J/Toliatti 2000}) 8. Bd3 O-O 9. Rg1 Qe8
({Unfortunately black can't bring the second knight to f6 since the pawn on e6
is hanging in case of ...N:g4.} 9... Nbd7 10. Nc3 Nxg4 $2 11. Qxg4 Rf7 12. Qxe6
Nf6 13. Qe5 Bd6 14. Qg5 $16) 10. Nc3 Nxg4 11. Qxg4 Bf6 12. Qg2 (12. Qh3 $6 g6
13. Qg3 {[%cal Gh2h5]} (13. Qg2) 13... e5 $1 14. cxd5 $2 exd4 15. Ne4 Be5 16.
f4 $140 Bxf4 $1 17. exf4 cxd5 $19 {[%cal Ge8e1]}) 12... Nd7 13. Bd2 Nb6 {
Forcing white to define a pawn structure on the queenside. Black would rather
play immediate 13...b6 of course, but it runs into an easy tactical refutation:
} (13... b6 $2 14. cxd5 exd5 15. Nxd5 cxd5 16. Qxd5+ Qf7 17. Bc4 $1 $18) (13...
Qh5 14. Ne2) 14. c5 Nd7 15. f4 Qh5 ({I see nothing wrong in immediate} 15... b6
{but it's not an easy decision to take in the game since white could get some
attacking chances on the kingside:} 16. b4 a5 17. b5 bxc5 18. bxc6 Nb6 (18...
Nb8 19. c7 Na6 20. Ne4 $13 {is also very tricky.}) 19. dxc5 Na4 20. Qh3 g6 21.
Qh6 {[%csl Rg6][%cal Gd3g6]} Ra7 (21... Bg7 $2 22. Bxg6 hxg6 23. Rxg6 Rf7 24.
Nxa4 $18) 22. Bxg6 hxg6 23. Rxg6+ Rg7 24. Rxf6 Rxf6 25. Qxf6 Rg1+ 26. Kf2 Rxa1
27. Nxa4 Rxa2 $13) 16. Qe2 Qf7 (16... Qxe2+ 17. Kxe2 $14) 17. b4 b6 18. Rb1 a5
$5 (18... Rb8 19. a3 Be7 $132) 19. cxb6 axb4 (19... Nxb6 20. bxa5 Nd7 21. Na4
Bd8 22. a6 $14) (19... a4 20. Kf1 Nxb6 21. Kg2 Bd7 22. Kh1 Nc8 23. a3 Nd6 24.
Rg3 $14) 20. Rxb4 Bb7 21. Rb2 Rfd8 $6 {Useless move after which black finds
himself in serious troubles. More in the spirit of the position was} (21... c5
$1 22. Nb5 Rfb8 23. Nc7 Ra4 $132 {with good compensation for a pawn.}) 22. Qg4
c5 23. Nb5 Nf8 $6 {Passive defense is just not good enough in the following
position so black had to take on b6, transposing into an endgame with a pawn
down, but not without counterplay!} (23... Nxb6 24. Nc7 Qxc7 25. Qxe6+ Kh8 26.
Qxb6 (26. Qh3 $6 g6 27. Rxg6 Na4 28. Rh6 Rd7 $13) 26... Rd7 27. Qxc7 Rxc7 28.
Rc2 c4 29. Be2 Bc6 $14) 24. Bc3 Ba6 25. a4 Qe7 26. a5 Rdc8 27. Ke2 $1 $18 g6
28. h4 $1 (28. Nc7 Bxd3+ 29. Kxd3 Rxc7 30. bxc7 Qxc7 $16) 28... Qg7 29. h5 cxd4
30. Bxd4 Bxd4 31. exd4 $1 Bxb5 32. Rxb5 Rc3 (32... Qxd4 33. b7 Rc3 34. Qxe6+ $1
Nxe6 35. bxa8=Q+ Kg7 36. h6+ Kxh6 37. Rh1+ Kg7 38. Rb7+ $18) 33. hxg6 h5 34.
Qg3 Qxd4 35. g7 Ng6 (35... Nd7 36. Bh7+ $18) 36. Qxg6 1-0

[Event "RUS-ch"]
[Site "Krasnodar"]
[Date "2002.09.01"]
[Round "6"]
[White "Kosyrev, Vladimir"]
[Black "Frolyanov, Dmitry"]
[Result "1/2-1/2"]
[WhiteElo "2562"]
[BlackElo "2448"]
[Annotator "Finkel,A"]
[PlyCount "140"]
[EventDate "2002.08.27"]
[EventType "swiss"]
[EventRounds "9"]
[EventCountry "RUS"]
[SourceTitle "CBM 091"]
[Source "ChessBase"]
[SourceDate "2002.11.12"]
[SourceVersion "1"]
[SourceVersionDate "2002.11.12"]
[SourceQuality "1"]

1. d4 d5 2. c4 e6 3. Nc3 c6 4. e3 Bd6 5. Qc2 f5 6. Bd3 Nf6 7. f3 {Planning to
break in the center with e4.} O-O 8. Nge2 dxc4 (8... Qc7 9. cxd5 Nxd5 (9...
cxd5 10. Nb5 Qxc2 11. Bxc2 Bb4+ 12. Bd2 Bxd2+ 13. Kxd2 $14) 10. Qb3 Kh8 11. Bd2
Nd7 12. Rc1 Qb6 13. Bc4 N7f6 14. O-O $14 {Kortschnoj,V-Nikolic,P/Sarajevo 1998}
) (8... Nbd7 9. Bd2 Qe7 10. cxd5 Nxd5 11. a3 N7f6 12. h3 $6 e5 13. Nxd5 Nxd5
14. e4 fxe4 15. fxe4 Nb6 $15 {Bykhovsky,A-Vekshenkov,N/URS-ch Club Pavlodar
1991/1/2-1/2(33)}) 9. Bxc4 b5 10. Bb3 (10. Bd3 Nbd7 11. Bd2 Qe7 12. e4 b4 13.
e5 bxc3 14. Bxc3 Bc7 15. exf6 Nxf6 16. Bd2 Nd5 $132 {Jelen,I-Furlan,M/Pula 1998
}) 10... Kh8 11. O-O (11. Bd2 a5 12. a3 e5 13. O-O Na6 14. Rad1 Qb6 15. Kh1 c5
16. Nd5 Nxd5 17. Bxd5 Rb8 $11 {Kosyrev,V-Sveshnikov,E/Minsk 2000}) (11. a4 b4
12. Nd1 Qe7 13. Nf2 Ba6 14. Bc4 c5 $11 {Kholmov,R-Sveshnikov,E/Moscow 1999}) (
11. e4 b4 12. e5 bxc3 13. bxc3 Bc7 14. exf6 Qxf6 15. O-O e5 16. dxe5 Bxe5 17.
f4 Bc7 18. Bb2 Nd7 19. c4 $14 {Lobron,E-Sveshnikov,E/Budapest 1996}) 11... Qe7
12. Ng3 {Probably the most logical reply. The knight is pretty well placed to
support an advance of e-pawn.} (12. e4 fxe4 13. fxe4 Ng4 14. Rxf8+ Qxf8 15. Ng3
e5 $132 {[%csl Rg1][%cal Gd6c5]}) (12. Nf4 $5 e5 13. Nd3 Nbd7 14. Bd2 a6 15.
Rad1 Bb7 $132 {[%cal Ga8c8,Gc6c5]}) 12... a6 13. e4 e5 14. dxe5 Qxe5 15. exf5 (
15. f4 $5 Qd4+ 16. Kh1 fxe4 17. Ncxe4 Nxe4 18. Qxe4 Qf6 19. Be3 $14) 15... Qd4+
16. Qf2 {Initiating transposition to a better endgame, however white's
advantage seems to be insufficient to win the game.} (16. Kh1 Qh4 17. Nce2 Nh5
18. f4 $14) 16... Qxf2+ 17. Kxf2 Bxg3+ 18. hxg3 Bxf5 19. Bf4 (19. Be3 Nbd7 20.
Rad1 c5 21. Rd6 c4 22. Bd1 Ne5 $13) 19... c5 20. Bd6 Rc8 21. Rac1 c4 22. Bc2
Bxc2 23. Rxc2 Nbd7 $6 {Sacrificing a pawn without any particular reason, even
though it's enough for a draw anyway.} (23... Nc6 24. Rd1 Kg8 25. a4 $14) 24.
a4 $1 {[%csl Rb5]} Nc5 25. axb5 Nd3+ 26. Kg1 axb5 27. Nxb5 Nd5 {[%cal Gd5e3]}
28. Re2 (28. Rb1) 28... Ra2 29. Rd1 Nf6 (29... Rxb2 $2 30. Rxb2 Nxb2 31. Rxd5
$18) 30. Ba3 Rb8 {Eliminating the pawns on the queenside.} 31. Nd6 Nxb2 32.
Rxb2 Raxb2 33. Bxb2 Rxb2 34. Nxc4 Rb8 35. g4 h6 36. Kf2 Kh7 37. Ne3 Kg6 38. Rd6
Rb2+ 39. Kg3 Rb3 40. Nc4 h5 $1 {Reducing a number of the pawns remaining on
the board.} 41. gxh5+ Kxh5 42. Rc6 Kg5 43. Ra6 Kh5 44. Ra5+ Kh6 45. Ne5 Rb2 46.
Kh3 Rd2 47. g4 (47. f4 $5) 47... Rd5 $1 48. Rxd5 Nxd5 {[%cal Gg7g5]} 49. Kg3 $6
{Some chances would leave} (49. Nf7+ Kg6 50. Nd6 Kf6 51. Kh4 $5 {but it
wouldn't influnce an ooutcome of the game i guess.}) 49... g5 50. Nc4 Kg6 51.
Nd6 Nc7 52. Kf2 Ne6 53. Ke3 Kf6 54. Ke4 Nc5+ 55. Kd5 Nd3 56. Ne4+ Kg6 57. Ke6
Nf4+ 58. Kd6 Nd3 59. Ke7 Ne5 60. Nd2 Nc6+ 61. Kd6 Nd4 62. Kd5 Ne2 63. Ke5 Ng1
64. Ke6 Ne2 65. Nb3 Nf4+ 66. Kd6 Kf6 67. Nc5 Ne2 68. Kd5 Kg6 69. Ke5 Ng1 70.
Ke4 Ne2 1/2-1/2

[Event "Teheran FIDE GP (Women)"]
[Site "Teheran"]
[Date "2016.02.17"]
[Round "6"]
[White "Zhao, Xue"]
[Black "Harika, Dronavalli"]
[Result "1-0"]
[WhiteElo "2506"]
[BlackElo "2511"]
[Annotator "Fischer,J"]
[PlyCount "63"]
[EventDate "2016.02.11"]
[EventType "tourn"]
[EventRounds "11"]
[EventCountry "IRI"]
[EventCategory "11"]
[SourceTitle "CBM 171"]
[Source "ChessBase"]
[SourceDate "2016.03.14"]
[SourceVersion "2"]
[SourceVersionDate "2016.03.14"]
[SourceQuality "1"]

1. Nf3 d5 2. d4 e6 3. c4 c6 4. e3 Bd6 5. Qc2 f5 6. Nc3 Nf6 7. h3 O-O 8. g4 Ne4
9. Be2 Nd7 10. Bd2 Ndf6 11. Rf1 a6 12. c5 Bc7 13. O-O-O Qe7 14. Be1 Bd7 15. Na4
fxg4 16. Ne5 g3 17. f3 Nf2 18. Bxf2 gxf2 19. Bd3 Be8 20. Rxf2 Bxe5 21. dxe5 Nd7
{[#]} 22. f4 $1 {Mit diesem Zug sichert sich Weiß starken Angriff.} ({Das
naheliegende} 22. Bxh7+ Kh8 23. f4 {führt nach} Nxe5 $1 {nur zum Ausgleich.})
22... g6 23. Rg2 Rb8 24. Rdg1 Kh8 25. h4 {Schwarz will den h-Bauern nicht
nehmen, da Weiß dann auf der h-Linie angreifen kann. Aber auch so ist der
weiße Angriff sehr stark.} b5 26. cxb6 c5 27. h5 c4 28. Bxg6 $1 {Nach diesem
offensichtlichen Opfer hat Schwarz keine adäquate Verteidigung mehr.} hxg6 29.
hxg6 Kg8 30. Rh2 {Weiß bringt einfach seine Schwerfiguren in die h-Linie.} Rf5
31. Rh7 Qb4 32. Qh2 1-0

[Event "WchT 3rd"]
[Site "Luzern"]
[Date "1993.??.??"]
[Round "3.1"]
[White "Ivanchuk, Vassily"]
[Black "Nogueiras Santiago, Jesus"]
[Result "1-0"]
[WhiteElo "2705"]
[BlackElo "2580"]
[Annotator "Ftacnik,L"]
[PlyCount "74"]
[EventDate "1993.10.24"]
[EventType "team-tourn"]
[EventRounds "9"]
[EventCountry "SUI"]
[SourceTitle "CBM 038"]
[Source "ChessBase"]
[SourceDate "1994.02.01"]
[SourceVersion "1"]
[SourceVersionDate "1994.02.01"]
[SourceQuality "1"]
[WhiteTeam "Ukraine"]
[BlackTeam "Cuba"]
[WhiteTeamCountry "UKR"]
[BlackTeamCountry "CUB"]

1. d4 d5 2. c4 c6 3. Nc3 e6 4. e3 f5 5. f4 Nf6 6. Nf3 Be7 7. Bd3 (7. Be2 O-O 8.
O-O Ne4 9. Qc2 Nd7 $10 {Karpov,An-Spassky,B/Leningrad cm/1974/}) 7... O-O 8.
O-O b6 9. b3 Bb7 10. Bb2 Ne4 11. Rc1 Nd7 12. Qe2 Rf6 13. Rc2 Rh6 14. Rfc1 a6 (
14... Ndf6 15. cxd5 cxd5 16. Ba6 $14) 15. Na4 dxc4 16. bxc4 c5 17. Nd2 cxd4 $2
(17... Ndf6 18. Bxe4 Nxe4 19. Nxe4 Bxe4 20. Rd2 Qe8 $13) 18. Bxe4 $1 fxe4 19.
Bxd4 Bc6 20. Nc3 Ba3 21. Rd1 e5 22. fxe5 Qg5 23. Ndxe4 Qh4 $2 (23... Bxe4 $1
24. Nxe4 Qh4 25. g4 Rg6 $16) 24. g3 Rg6 (24... Bxe4 $2 25. gxh4 Rg6+ 26. Kf2 (
26. Qg2 $4 Bxc2 $19) 26... Rf8+ 27. Ke1 $18) 25. Qd3 $1 Qh5 26. Nd5 Nxe5 27.
Bxe5 (27. Qxa3 $2 Qxd1+ $19) 27... Qxe5 28. Rf2 Bf8 $6 (28... Re8 29. Qxa3 Qxe4
30. Rdf1 h6 31. Rf4 $16) 29. Rdf1 Re6 30. Rf4 $1 b5 $6 31. Rg4 $1 Rg6 (31...
bxc4 32. Nef6+ Rxf6 33. Nxf6+ Qxf6 34. Qxc4+ $18) 32. Rxg6 hxg6 33. Rf4 $1 Qa1+
(33... bxc4 34. Nef6+ $1 Kf7 35. Qxc4 $18) 34. Kg2 Qxa2+ 35. Kh3 Bd7+ 36. g4
Kh8 37. Ng5 Be8 $2 1-0

[Event "USA-ch"]
[Site "Key West"]
[Date "1994.??.??"]
[Round "5"]
[White "Seirawan, Yasser"]
[Black "Yermolinsky, Alex"]
[Result "1-0"]
[WhiteElo "2585"]
[BlackElo "2590"]
[Annotator "Ftacnik,L"]
[PlyCount "33"]
[EventDate "1994.10.??"]
[EventType "tourn"]
[EventRounds "13"]
[EventCountry "USA"]
[EventCategory "13"]
[SourceTitle "CBM 044"]
[Source "ChessBase"]
[SourceDate "1995.02.01"]
[SourceVersion "1"]
[SourceVersionDate "1995.02.01"]
[SourceQuality "1"]

1. d4 d5 2. c4 c6 3. Nc3 e6 4. e3 f5 5. g4 $5 fxg4 $6 (5... Nf6 6. gxf5 exf5 7.
Nh3 $13) 6. Qxg4 Nf6 7. Qg2 c5 $5 (7... Nbd7 8. Nf3 $14) 8. Nf3 Nc6 9. Bd2 a6
$6 (9... cxd4 10. exd4 Bd7 11. O-O-O Rc8 $13) 10. O-O-O Qc7 (10... cxd4 11.
exd4 Bd7 $14) 11. dxc5 $1 Bxc5 12. Rg1 O-O 13. Ng5 $1 Kh8 (13... d4 14. Nce4 b6
15. Qh3 $40) 14. Kb1 Ne5 $2 (14... Qe7 $1 15. Ka1 $5 (15. cxd5 $6 exd5 16. Nxd5
(16. Bd3 Nb4 $1) 16... Nxd5 17. Qxd5 Rxf2)) 15. Na4 Ba7 (15... Bd6 $2 16. c5
Bxc5 17. Nxc5 Qxc5 18. Nxe6 $18) 16. Bb4 Rg8 (16... Re8 17. Bd6 $1 Qxd6 18.
Nf7+ $18) 17. Qg3 $1 (17. Qg3 h6 (17... Bb8 18. Qxe5 Qxe5 19. Nf7#) 18. Qxe5
$18) 1-0

[Event "Malmo"]
[Site "Malmo"]
[Date "1994.??.??"]
[Round "4"]
[White "Sjoberg, Mats"]
[Black "Krasenkow, Michal"]
[Result "1-0"]
[WhiteElo "2460"]
[BlackElo "2565"]
[Annotator "Ftacnik,L"]
[PlyCount "67"]
[EventDate "1994.06.??"]
[EventType "tourn"]
[EventRounds "9"]
[EventCountry "SWE"]
[EventCategory "12"]
[SourceTitle "CBM 042"]
[Source "ChessBase"]
[SourceDate "1994.10.01"]
[SourceVersion "1"]
[SourceVersionDate "1994.10.01"]
[SourceQuality "1"]

1. d4 d5 2. c4 e6 3. Nc3 c6 4. e3 f5 5. Qc2 Nh6 $6 (5... Nf6 {xe4}) 6. Bd2 a6
7. Bd3 Bd6 8. O-O-O $5 (8. Nf3 O-O 9. O-O) 8... b5 9. cxd5 cxd5 10. Kb1 Bd7 11.
Rc1 Nc6 12. Nce2 b4 13. Nf3 a5 14. Nf4 Na7 (14... a4 15. Nxe6 $1 $16 b3 $2 16.
Qxc6 $1 $18) 15. Qd1 O-O 16. h4 a4 17. Qe2 Qe7 18. Ng5 b3 (18... a3 19. b3 $14)
19. a3 Bxa3 $5 (19... Rac8 20. f3 $36) 20. bxa3 Qxa3 21. Bc3 Qd6 22. g4 $1 a3 (
22... Nxg4 $2 23. Qxg4 $1 fxg4 24. Bxh7+ Kh8 25. Ng6#) 23. gxf5 b2 $2 (23...
exf5 24. Nxd5 $1 Bc6 25. Bb4 $18) (23... Nxf5 24. Qh5 h6 25. Qg6 hxg5 26. hxg5
Be8 27. Qh7+ Kf7 28. Bxf5 exf5 29. g6+ Ke7 30. Bb4 $18) 24. fxe6 $1 bxc1=Q+ 25.
Rxc1 Rfb8+ 26. Ka1 Be8 (26... Ba4 27. Bxh7+ Kf8 28. Qf3 $18) 27. Bxh7+ Kh8 28.
Bc2 Qc6 29. Qd3 g6 30. Nf7+ Bxf7 (30... Nxf7 31. Nxg6+ Kg7 32. Rg1 $18) 31.
exf7 Nf5 32. Rg1 Nxh4 33. Nxg6+ Nxg6 34. Rxg6 1-0